[Event "Zhukovsky-A 02"]
[Site "Zhukovsky"]
[Date "2011.02.09"]
[Round "8"]
[White "Lavrentjeva, Galina"]
[Black "Likhachev, Oleg"]
[Result "1-0"]
[WhiteElo "2073"]
[BlackElo "1800"]
[PlyCount "35"]
[EventDate "2011.02.09"]
[EventType "swiss"]
[EventRounds "9"]
[EventCountry "RUS"]
[SourceTitle "EXT 2022"]
[Source "ChessBase"]
[SourceDate "2021.10.06"]
[SourceVersion "1"]
[SourceVersionDate "2021.10.06"]
[SourceQuality "1"]

1. e4 e5 2. Nc3 Nf6 3. Bc4 Nxe4 4. Qh5 Nd6 5. Bb3 Be7 6. Nf3 e4 7. Nxe4 0-0 8. Nxd6 Bxd6 9. 0-0 Qf6 10. d4 h6 11. Re1 Nc6 12. c3 b6 13. Ne5 Bxe5 14. dxe5 Qe7 15. Bxh6 gxh6 16. Qg6+ Kh8 17. Qxh6+ Kg8 18. Re3 1-0